| 000 | 00493 a2200169 4500 | ||
|---|---|---|---|
| 999 |
_c3821 _d3821 |
||
| 020 | _a9780340850572 | ||
| 050 | _aQA75.5 BRO 2002 | ||
| 100 |
_aBrown, Mark _eauthor |
||
| 245 |
_aM-commerce in a week / _cMark Brown |
||
| 264 |
_aLondon : _bHodder & Stoughton, _c2002. |
||
| 300 | _a88 pages : illustrations ; 20 cm. | ||
| 500 | _aIncludes index | ||
| 650 | _aMobile computing | ||
| 650 | _a Mobile communication systems. | ||
| 650 | _a.Mobile commerce. | ||
| 942 |
_2lcc _cBK _h75.5 _iBRO _kQA |
||